How I Met Your Mother - Episodes Quiz Stats

 Plays Quiz not verified by Sporcle

Score 0/22 Timer 05:00
0 Plays Today
Episode Number Episode Name % Correct
1Pilot
97%
2Purple Giraffe
83.3%
22Come On
73.5%
21Milk
72.7%
5Okay Awesome
70.5%
6Slutty Pumpkin
70.5%
12The Wedding
70.5%
10The Pineapple Incident
66.7%
14Zip, Zip, Zip
66.7%
3Sweet Taste of Liberty
64.4%
4Return of the Shirt
64.4%
Episode Number Episode Name % Correct
18Nothing Good Happens After 2 A.M.
60.6%
16Cupcake
58.3%
15Game Night
56.8%
11The Limo
56.1%
13Drumroll, Please
56.1%
19Mary the Paralegal
55.3%
17Life Among the Gorillas
53.8%
8The Duel
52.3%
20Best Prom Ever
51.5%
7Matchmaker
50.8%
9Belly Full of Turkey
48.5%

You're not logged in!

Compare scores with friends on all Sporcle quizzes.
OR
Log In

Show Comments

Extras

Top Quizzes Today


Score Distribution

Your Account Isn't Verified!

In order to create a playlist on Sporcle, you need to verify the email address you used during registration. Go to your Sporcle Settings to finish the process.

Report this User

Report this user for behavior that violates our Community Guidelines.

Details: